| 000 | 00608nam a22001937a 4500 | ||
|---|---|---|---|
| 999 |
_c100088 _d100088 |
||
| 005 | 20230530144604.0 | ||
| 010 | _aENG-115163 | ||
| 020 |
_a97899385755743 _c299.00 |
||
| 035 | _aEN-98695 | ||
| 037 | _bDBAD/PUB | ||
| 082 | _a808.883 | ||
| 100 | _aGodden, Jon | ||
| 245 |
_aTwo under the Indian sun : _ba memoir / _cby Jon Godden [and] Rumer Godden ; foreworded by Paro Anand |
||
| 260 |
_aNew Delhi _bSpeaking Tiger _c2016 |
||
| 270 |
_a4381/4,Ansari Road, Daryaganj, _bNew Delhi _e110002 |
||
| 300 |
_a247p. _c20cm(pbk) |
||
| 700 | _aGodden,Rumer | ||
| 942 |
_2ddc _cEN _h808.883 _mGOD |
||